000 00264nam a22001217a 4500
008 180223b xxu||||| |||| 00| 0 eng d
041 _aeng
080 _a37
100 _a48
101 _aedu
245 _aanswers to distraction
_cedward.m.h
942 _2udc
_cBK
999 _c43269
_d43269